01832cam a22003371 4500001001300000003000400013005001700017008004100034010001700075035001900092040004600111042001200157050001700169051001200186110004800198245003400246260005100280300001800331490014700349500004600496500017000542500012100712500035700833500003601190650004701226700005501273700005001328700005801378710004101436999001701477l 33000128 DLC20260227111534.0820826m19131933dcu f000 0 eng c al 33000128  a(OCoLC)8720529 aU.S. Dept. of Labor. Library.cOCoLCdDLC apremarc00aHD8051b.A62 c2d set.1 aUnited States.bBureau of Labor Statistics.10aLabor legislation of 1912-32. aWashington,bU.S. Govt. Print. Off.,c1913-33. a17 v.c24 cm.0 aBulletin ...vno. 111, 166, 186, 213, 244, 257, 277, 292, 308, 330, 403, 434, 470, 486, 528, 552, 590.aLabor laws of the United States series aIssued by the Bureau of Labor Statistics. a1931 and 1932 combined in one volume (no. 590) Compilers: 1912-26, Lindley D. Clark; 1927-28, Daniel F. Callahan and Charles F. Sharkey; 1929-32, Charles F. Sharkey. aStatistics for 1908-1909-1911 are found in the Bulletin of the U.S. Bureau of Labor, no. 85, 91 and 97 respectively. aLegislation of 1913 was included in the compilation, "Labor laws of the United States ..." issued in 1914 (Bulletin no. 148); and legislation of 1923 and 1924 in "Labor laws of the United States ..." issued in 1925 (Bulletin no. 370) The annual bulletins are supplements of these basic bulletins. 1933- issued as reprints from the Monthly labor review. aIssued also as House documents. 0aLabor laws and legislationzUnited States.1 aClark, Lindley D.q(Lindley Daniel),d1862-ecomp.1 aCallahan, Daniel F.q(Daniel Francis),ecomp.1 aSharkey, Charles F.q(Charles Francis),d1894-ecomp.1 aUnited States.tLaws, statutes, etc. c36112d36112